| 000 | 00504nam a2200145Ia 4500 | ||
|---|---|---|---|
| 999 |
_c21098 _d21098 |
||
| 082 | _aRP.0269 | ||
| 100 | _aPandey, S.P. | ||
| 245 | 0 | _aStudy of development programmes in enhancing the socio-economic condition of scheduled caste in Uttar Pradesh | |
| 260 |
_c0 _bIndian Council of Social Science Research, New Delhi |
||
| 300 | _a127 | ||
| 504 | _aincludes bibliography | ||
| 650 |
_aDalits _zUttar Pradesh _vEconomic conditions |
||
| 650 |
_aDalits _vUttar Pradesh _zSocial conditions |
||
| 942 |
_cRP _2ddc |
||